<?xml version="1.0" encoding="UTF-8"?>
<record
    xmlns:xsi="http://www.w3.org/2001/XMLSchema-instance"
    xsi:schemaLocation="http://www.loc.gov/MARC21/slim http://www.loc.gov/standards/marcxml/schema/MARC21slim.xsd"
    xmlns="http://www.loc.gov/MARC21/slim">

  <leader>01575nam a2200205 a 4500</leader>
  <controlfield tag="008">180306e2002    ag ||||| |||| 00| f spa d</controlfield>
  <datafield tag="020" ind1=" " ind2=" ">
    <subfield code="a">9500722984</subfield>
  </datafield>
  <datafield tag="041" ind1=" " ind2=" ">
    <subfield code="a">spa</subfield>
  </datafield>
  <datafield tag="092" ind1=" " ind2=" ">
    <subfield code="c">808</subfield>
    <subfield code="l">28</subfield>
    <subfield code="s">GAR</subfield>
  </datafield>
  <datafield tag="100" ind1="1" ind2=" ">
    <subfield code="a">Garc&#xED;a M&#xE1;rquez, Gabriel</subfield>
    <subfield code="9">3265</subfield>
  </datafield>
  <datafield tag="245" ind1=" " ind2=" ">
    <subfield code="a">Vivir para contarla /</subfield>
    <subfield code="c">Gabriel Garc&#xED;a M&#xE1;rquez</subfield>
  </datafield>
  <datafield tag="250" ind1=" " ind2=" ">
    <subfield code="a">1a ed.</subfield>
  </datafield>
  <datafield tag="260" ind1=" " ind2=" ">
    <subfield code="a">Buenos Aires:</subfield>
    <subfield code="b">Sudamericana;</subfield>
    <subfield code="c">2002.</subfield>
  </datafield>
  <datafield tag="300" ind1=" " ind2=" ">
    <subfield code="a">579 p.</subfield>
  </datafield>
  <datafield tag="500" ind1=" " ind2=" ">
    <subfield code="a">Garc&#xED;a M&#xE1;rquez, G. (2002). Vivir para contarla. (1a ed.). Buenos Aires : Sudamericana.</subfield>
  </datafield>
  <datafield tag="505" ind1=" " ind2=" ">
    <subfield code="a">Vivir para contarla es, probablemente, el libro m&#xE1;s esperado de la d&#xE9;cada, compendio y recreaci&#xF3;n de un tiempo crucial en la vida de Gabriel Garc&#xED;a M&#xE1;rquez. En este apasionante relato, el premio Nobel colombiano ofrece la memoria de sus a&#xF1;os de infancia y juventud, aquellos en los que se fundar&#xED;a el imaginario que, con el tiempo, dar&#xED;a lugar a algunos de los relatos y novelas fundamentales en la literatura en lengua espa&#xF1;ola del siglo XX. Estamos ante la novela de una vida a trav&#xE9;s de cuyas p&#xE1;ginas Garc&#xED;a M&#xE1;rquez va descubriendo ecos de personajes e historias que han poblado obras como Cien a&#xF1;os de soledad, El amor en tiempos del c&#xF3;lera, El coronel no tiene quien le escriba o Cr&#xF3;nica de una muerte anunciada y que convierten Vivir para contarla en una gu&#xED;a de lectura para toda su obra, en acompa&#xF1;ante imprescindible para iluminar pasajes inolvidables que, tras la lectura de estas memorias, adquieren una nueva perspectiva. </subfield>
  </datafield>
  <datafield tag="590" ind1=" " ind2=" ">
    <subfield code="a">Donacion Dr. Julio Arce Marxo 2018</subfield>
  </datafield>
  <datafield tag="655" ind1=" " ind2=" ">
    <subfield code="a">Literatura</subfield>
    <subfield code="9">2917</subfield>
  </datafield>
  <datafield tag="942" ind1=" " ind2=" ">
    <subfield code="2">ddc</subfield>
    <subfield code="c">LIT</subfield>
  </datafield>
  <datafield tag="999" ind1=" " ind2=" ">
    <subfield code="c">2680</subfield>
    <subfield code="d">2680</subfield>
  </datafield>
  <datafield tag="952" ind1=" " ind2=" ">
    <subfield code="0">0</subfield>
    <subfield code="1">0</subfield>
    <subfield code="2">ddc</subfield>
    <subfield code="4">0</subfield>
    <subfield code="7">0</subfield>
    <subfield code="a">BFM</subfield>
    <subfield code="b">BFM</subfield>
    <subfield code="c">CR</subfield>
    <subfield code="d">2018-03-06</subfield>
    <subfield code="e">Donacion</subfield>
    <subfield code="l">5</subfield>
    <subfield code="m">12</subfield>
    <subfield code="o">808 28 GAR</subfield>
    <subfield code="p">4185</subfield>
    <subfield code="r">2022-09-26</subfield>
    <subfield code="s">2022-08-26</subfield>
    <subfield code="t">Ej, 1</subfield>
    <subfield code="w">2018-03-06</subfield>
    <subfield code="y">LIT</subfield>
    <subfield code="z">Donacion Dr. Julio Arce Mar/2018</subfield>
  </datafield>
</record>
